Every Emmy Nominee for Actor in a Drama Series Quiz Stats

 Plays Quiz Updated Jul 19, 2016

Challenge
Share
Tweet
Embed
Score 0/284 Timer 15:00
0 Plays Today
Year Actor % Correct
2016Kevin Spacey
88%
2017Kevin Spacey
87.7%
2002Kiefer Sutherland
87.1%
2003Kiefer Sutherland
87.1%
2004Kiefer Sutherland
87.1%
2005Kiefer Sutherland
87.1%
2006Kiefer Sutherland
87.1%
2007Kiefer Sutherland
87.1%
2013Kevin Spacey
86.7%
2014Kevin Spacey
86.7%
2015Kevin Spacey
86.7%
2008Jon Hamm
86.3%
2009Jon Hamm
86.3%
2010Jon Hamm
86.3%
2011Jon Hamm
86.3%
2012Jon Hamm
86.3%
2013Jon Hamm
86.3%
2014Jon Hamm
86.3%
2015Jon Hamm
86.3%
2000Martin Sheen
85.1%
2001Martin Sheen
85.1%
2002Martin Sheen
85.1%
2003Martin Sheen
85.1%
2004Martin Sheen
85.1%
2006Martin Sheen
85.1%
1974 cont.Martin Sheen
85%
1995George Clooney
83.9%
1996George Clooney
83.9%
2008Bryan Cranston
83.4%
2009Bryan Cranston
83.4%
2010Bryan Cranston
83.4%
2012Bryan Cranston
83.4%
2013Bryan Cranston
83.4%
2014Bryan Cranston
83.4%
2005Hugh Laurie
82.2%
2007Hugh Laurie
82.2%
2008Hugh Laurie
82.2%
2009Hugh Laurie
82.2%
2010Hugh Laurie
82.2%
2011Hugh Laurie
82.2%
1999James Gandolfini
81.3%
2000James Gandolfini
81.3%
2001James Gandolfini
81.3%
2003James Gandolfini
81.3%
2004James Gandolfini
81.3%
2007James Gandolfini
81.3%
1982Tom Selleck
77.8%
1983Tom Selleck
77.8%
1984Tom Selleck
77.8%
1985Tom Selleck
77.8%
1986Tom Selleck
77.8%
1972Peter Falk
74.7%
1973Peter Falk
74.7%
1976Peter Falk
74.7%
1977Peter Falk
74.7%
1978Peter Falk
74.7%
1990Peter Falk
74.7%
1991Peter Falk
74.7%
1994Peter Falk
74.7%
2015Jeff Daniels
73.3%
2013Jeff Daniels
73.2%
2014Jeff Daniels
73.2%
2011Steve Buscemi
71.4%
2012Steve Buscemi
71.4%
2002Michael C. Hall
70.9%
2008Michael C. Hall
70.9%
2009Michael C. Hall
70.9%
2010Michael C. Hall
70.9%
2011Michael C. Hall
70.9%
2012Michael C. Hall
70.9%
1997David Duchovny
70.5%
1998David Duchovny
70.5%
1983William Daniels
70.4%
1984William Daniels
70.4%
1985William Daniels
70.4%
1986William Daniels
70.4%
1987William Daniels
70.4%
2014Woody Harrelson
70%
1986Bruce Willis
69.3%
1987Bruce Willis
69.3%
2004James Spader
67.1%
2005James Spader
67.1%
2007James Spader
67.1%
2008James Spader
67.1%
1959James Garner
67.1%
1976James Garner
66.6%
1977James Garner
66.6%
1978James Garner
66.6%
1979James Garner
66.6%
1980James Garner
66.6%
1982James Garner
66.6%
1966Bill Cosby
64.1%
1967Bill Cosby
64.1%
1968Bill Cosby
64.1%
1994Dennis Franz
64%
Year Actor % Correct
1995Dennis Franz
64%
1996Dennis Franz
64%
1997Dennis Franz
64%
1998Dennis Franz
64%
1999Dennis Franz
64%
2000Dennis Franz
64%
2001Dennis Franz
64%
1985Don Johnson
62.7%
1978Edward Asner
62.2%
1979Edward Asner
62.2%
1980Edward Asner
62.2%
1981Edward Asner
62.2%
1982Edward Asner
62.2%
2017Liev Schreiber
61.9%
1974Telly Savalas
61.6%
1975Telly Savalas
61.6%
2006Denis Leary
61.5%
2007Denis Leary
61.5%
1980Larry Hagman
61%
1981Larry Hagman
61%
2017Bob Odenkirk
60.7%
2014Matthew McConaughey
60.3%
2016Liev Schreiber
60%
2016Kyle Chandler
59.6%
2016Bob Odenkirk
58.1%
1995Jimmy Smits
58%
1996Jimmy Smits
58%
1997Jimmy Smits
58%
1998Jimmy Smits
58%
1999Jimmy Smits
58%
2010Matthew Fox
57.7%
2015Kyle Chandler
57.7%
2010Kyle Chandler
57.7%
2011Kyle Chandler
57.7%
2002Michael Chiklis
57.4%
2003Michael Chiklis
57.4%
1990Scott Bakula
57%
1991Scott Bakula
57%
1992Scott Bakula
57%
1993Scott Bakula
57%
1959Raymond Burr
56.9%
1995Anthony Edwards
55.7%
1996Anthony Edwards
55.7%
1997Anthony Edwards
55.7%
1998Anthony Edwards
55.7%
2015Liev Schreiber
55.1%
1968Raymond Burr
54.9%
1969Raymond Burr
54.9%
1970Raymond Burr
54.9%
1971Raymond Burr
54.9%
1972Raymond Burr
54.9%
1992Sam Waterston
54%
1993Sam Waterston
54%
1997Sam Waterston
54%
1999Sam Waterston
54%
2000Sam Waterston
54%
2017Anthony Hopkins
53.8%
2018Jason Bateman
52.5%
2015Bob Odenkirk
52.4%
2012Damian Lewis
51.1%
2013Damian Lewis
51.1%
2017Sterling K. Brown
50%
2018Sterling K. Brown
49.9%
1977Jack Klugman
48.9%
1978Jack Klugman
48.9%
1979Jack Klugman
48.9%
1980Jack Klugman
48.9%
1989Carroll O'Connor
48.6%
2016Rami Malek
47.3%
2001Rob Lowe
47.1%
2017Matthew Rhys
46.2%
2000Jerry Orbach
45.9%
1973David Carradine
45.9%
1995Mandy Patinkin
44.6%
2017Milo Ventimiglia
44.6%
2018Ed Harris
44.3%
2002Peter Krause
43%
2003Peter Krause
43%
2006Peter Krause
43%
2011Timothy Olyphant
42.6%
2018Matthew Rhys
42%
1996Andre Braugher
41.9%
1998Andre Braugher
41.9%
2001Andre Braugher
41.9%
2006Christopher Meloni
41.6%
2008Gabriel Byrne
41.6%
2009Gabriel Byrne
41.6%
2018Milo Ventimiglia
41.1%
1974Karl Malden
40.9%
1975Karl Malden
40.9%
1976Karl Malden
40.9%
1977Karl Malden
40.9%
2016Matthew Rhys
40.4%
1994David Caruso
40.3%
1987Corbin Bernsen
39.8%
Year Actor % Correct
1988Corbin Bernsen
39.8%
1973Richard Thomas
39.4%
1974Richard Thomas
39.4%
1988Ron Perlman
39.4%
1989Ron Perlman
39.4%
1975Robert Blake
39.1%
1977Robert Blake
39.1%
1990Kyle MacLachlan
38.7%
1991Kyle MacLachlan
38.7%
1991James Earl Jones
38.4%
1993Tom Skerritt
38.2%
1994Tom Skerritt
38.1%
2009Simon Baker
37.3%
1981Daniel J. Travanti
37.2%
1982Daniel J. Travanti
37.2%
1983Daniel J. Travanti
37.2%
1984Daniel J. Travanti
37.2%
1985Daniel J. Travanti
37.2%
1982John Forsythe
37.1%
1983John Forsythe
37.1%
1984John Forsythe
37.1%
1999Dylan McDermott
36.8%
1992Kirk Douglas
36.6%
2018Jeffrey Wright
36.4%
1966Robert Culp
36.3%
1967Robert Culp
36.3%
1968Robert Culp
36.3%
1969Peter Graves
36.2%
2005Ian McShane
35.4%
1959James Arness
35.3%
1992Rob Morrow
34.3%
1993Rob Morrow
34.3%
1970Robert Young
33.3%
1971Robert Young
33.3%
1972Robert Young
33.3%
2012Hugh Bonneville
32%
2013Hugh Bonneville
32%
1967Martin Landau
28.1%
1968Martin Landau
28.1%
1969Martin Landau
28.1%
2004Anthony LaPaglia
28.1%
1973William Conrad
27.4%
1974William Conrad
27.4%
1986Edward Woodward
26.8%
1987Edward Woodward
26.8%
1988Edward Woodward
26.8%
1989Edward Woodward
26.8%
1990Edward Woodward
26.8%
1981Pernell Roberts
25.4%
1970Mike Connors
25.4%
1971Mike Connors
25.4%
1972Mike Connors
25.4%
1973Mike Connors
25.4%
1969Ross Martin
24.7%
1966David Janssen
24.6%
1967David Janssen
24.6%
2005Hank Azaria
23.5%
1991Michael Moriarty
23.1%
1992Michael Moriarty
23.1%
1993Michael Moriarty
23.1%
1994Michael Moriarty
23.1%
1978Ralph Waite
22.8%
1974 cont.Alan Alda
22%
1970Robert Wagner
21.9%
1981Jim Davis
20.3%
1992Christopher Lloyd
19.9%
1983Ed Flanders
19.8%
1984Ed Flanders
19.8%
1985Ed Flanders
19.8%
1986Ed Flanders
19.8%
1987Ed Flanders
19.8%
1966David McCallum
19.6%
1989Ken Wahl
19.6%
1974 cont.Hal Holbrook
16.2%
1978James Broderick
15.9%
1971Hal Holbrook
15.5%
1988Michael Tucker
15%
1989Michael Tucker
15%
1959Richard Boone
14.1%
1959Craig Stevens
13.7%
1979Ron Leibman
13.4%
1974 cont.Laurence Olivier
12.8%
1967Ben Gazzara
12.4%
1968Ben Gazzara
12.4%
1959Efrem Zimbalist Jr.
12.3%
1975Barry Newman
12.2%
1988Richard Kiley
12.1%
1969Carl Betz
12.1%
1966Richard Crenna
9.9%
1981Louis Gossett Jr.
9.8%
1972Keith Michell
9.6%
1990Robert Loggia
9.5%
1974 cont.Dick Van Dyke
8.4%
1992Harrison Page
6.9%

You're not logged in!

Compare scores with friends on all Sporcle quizzes.
Join for Free
OR
Log In

You Might Also Like...

Show Comments

Extras

Top Quizzes Today


Score Distribution

Your Account Isn't Verified!

In order to create a playlist on Sporcle, you need to verify the email address you used during registration. Go to your Sporcle Settings to finish the process.

Report this User

Report this user for behavior that violates our Community Guidelines.

Details: